| 000 | 00635nam a2200193 4500 | ||
|---|---|---|---|
| 999 |
_c168928 _d168928 |
||
| 005 | 20191031154243.0 | ||
| 010 | _aENG-126766 | ||
| 020 |
_a9789386807045 _c795.00 |
||
| 035 | _aEN-110298 | ||
| 037 | _bDBAD/PUB | ||
| 082 | _a398.37 | ||
| 100 | _aBirendra Kumar Singh | ||
| 245 |
_aHistory of magic and superstition / _cby Birendra Kumar Singh |
||
| 260 |
_aDelhi _bBook Shores _c2018 |
||
| 270 |
_aB-16, Subhavana Niketan _bPitampura, Delhi _e110034 _k23276863 _mbookshoresdelhi@gmail.com |
||
| 300 |
_a184p. _c24cm(Hb) |
||
| 500 | _aIncludes bibliographical references and index | ||
| 942 |
_2ddc _cEN _h398.37 _mBIR |
||